[Event "Dortmund Sparkassen op-B"]
[Site "Dortmund"]
[Date "2006.08.03"]
[Round "6"]
[White "Gregoritsch, Manfred"]
[Black "Wilms, Christoph"]
[Result "1/2-1/2"]
[WhiteElo "1742"]
[BlackElo "1623"]
[PlyCount "21"]
[EventDate "2006.07.28"]
[EventType "swiss"]
[EventRounds "9"]
[EventCountry "GER"]
[SourceTitle "CBM 113 Extra"]
[Source "ChessBase"]
[SourceDate "2006.09.14"]
[SourceVersion "1"]
[SourceVersionDate "2006.09.14"]
[SourceQuality "1"]

1. Nf3 c5 2. e4 d6 3. c4 g6 4. d4 Bg7 5. dxc5 Qa5+ 6. Bd2 Qxc5 7. Nc3 Nf6 8. Bd3 0-0 9. 0-0 a6 10. Rc1 Qc7 11. Nd5 1/2-1/2

[Event "Dortmund Sparkassen op-B"]
[Site "Dortmund"]
[Date "2006.07.28"]
[Round "1"]
[White "Koenig, Udo"]
[Black "Gregoritsch, Manfred"]
[Result "0-1"]
[WhiteElo "1477"]
[BlackElo "1742"]
[PlyCount "50"]
[EventDate "2006.07.28"]
[EventType "swiss"]
[EventRounds "9"]
[EventCountry "GER"]
[SourceTitle "CBM 113 Extra"]
[Source "ChessBase"]
[SourceDate "2006.09.14"]
[SourceVersion "1"]
[SourceVersionDate "2006.09.14"]
[SourceQuality "1"]

1. e4 e6 2. d4 d5 3. exd5 exd5 4. c4 Nf6 5. cxd5 Nxd5 6. Nc3 Be6 7. Nf3 Be7 8. Bd3 0-0 9. 0-0 Nd7 10. Qc2 h6 11. a3 Nxc3 12. bxc3 Re8 13. Bb2 Bd6 14. c4 Bg4 15. Be4 c6 16. h3 Bxf3 17. Bxf3 Qh4 18. Qc3 Nf6 19. Rfe1 Qf4 20. g3 Qg5 21. Qd3 Bxg3 22. Rxe8+ Rxe8 23. fxg3 Qxg3+ 24. Kf1 Qxh3+ 25. Kg1 Ng4 0-1